000 00224nam a2200121Ia 4500
100 _a#N/A
942 _cBK
245 _aIndustrial automated system
260 _b#N/A
082 _b22544
546 _aENGLISH
999 _c33858
_d33858